[Event "SLO-chT1 West"]
[Site "Ljubljana"]
[Date "2010.09.25"]
[Round "2.4"]
[White "Hasanagic, Anel"]
[Black "Maslesa, Branko"]
[Result "1/2-1/2"]
[WhiteElo "2087"]
[BlackElo "2238"]
[PlyCount "138"]
[EventDate "2010.09.24"]
[EventType "team-tourn"]
[EventRounds "9"]
[EventCountry "SLO"]
[SourceTitle "CBM 138 Extra"]
[Source "ChessBase"]
[SourceDate "2010.10.29"]
[SourceVersion "1"]
[SourceVersionDate "2010.10.29"]
[SourceQuality "1"]
[WhiteTeam "Jesenice"]
[BlackTeam "Koper"]
[WhiteTeamCountry "SLO"]
[BlackTeamCountry "SLO"]

1. e4 e6 2. d4 d5 3. Nc3 Bb4 4. e5 c5 5. a3 Bxc3+ 6. bxc3 Ne7 7. f4 b6 8. Nf3 Ba6 9. Bxa6 Nxa6 10. Qe2 Nb8 11. 0-0 Nd7 12. f5 Nf8 13. f6 gxf6 14. exf6 Nc6 15. dxc5 bxc5 16. Ng5 Qd7 17. Qf2 h6 18. Nh3 Qd6 19. Nf4 0-0-0 20. Nd3 Nd7 21. a4 Nce5 22. Bf4 Nxd3 23. cxd3 e5 24. Bg3 Rhe8 25. d4 Qc6 26. dxe5 Nf8 27. Qf5+ Ne6 28. Qh5 Qd7 29. Qxh6 Kc7 30. Qd2 Rb8 31. Rfd1 Red8 32. Bf2 Rb7 33. Bg3 Kb8 34. Rdb1 Ka8 35. Rxb7 Qxb7 36. Qd3 d4 37. cxd4 cxd4 38. Rb1 Qd5 39. Qf3 d3 40. Rd1 Nc5 41. Qxd5+ Rxd5 42. Kf2 Nxa4 43. Rd2 Nc5 44. Ke3 a5 45. Bf4 Kb7 46. g4 Kc6 47. h4 Kd7 48. h5 Ke6 49. h6 Rd8 50. Rb2 a4 51. Rb6+ Kd5 52. Rb4 Kc6 53. Rb2 Nb3 54. Ke4 d2 55. Bxd2 Nxd2+ 56. Kf5 Nc4 57. Rh2 Ne3+ 58. Kf4 Nd5+ 59. Ke4 Nc7 60. Rc2+ Kb6 61. Rb2+ Kc6 62. Rc2+ Kb6 63. Rb2+ Ka6 64. Rb4 Ka5 65. Rb7 Ne6 66. Ke3 Ng5 67. Kf4 Ne6+ 68. Ke3 Ng5 69. Kf4 Ne6+ 1/2-1/2

[Event "SLO-chT2 West"]
[Site "Postojna"]
[Date "2009.10.25"]
[Round "5.2"]
[White "Trivuncevic, Bosko"]
[Black "Maslesa, Branko"]
[Result "0-1"]
[WhiteElo "2036"]
[BlackElo "2248"]
[PlyCount "90"]
[EventDate "2009.10.23"]
[EventType "team-tourn"]
[EventRounds "9"]
[EventCountry "SLO"]
[SourceTitle "EXT 2010"]
[Source "ChessBase"]
[SourceDate "2010.11.25"]
[SourceVersion "1"]
[SourceVersionDate "2010.11.25"]
[SourceQuality "1"]
[WhiteTeam "Loska Dolina"]
[BlackTeam "Koper"]
[WhiteTeamCountry "SLO"]
[BlackTeamCountry "SLO"]

1. e4 e6 2. d4 d5 3. e5 c5 4. Nf3 cxd4 5. Qxd4 Nc6 6. Bb5 Bd7 7. Bxc6 bxc6 8. 0-0 Ne7 9. Bg5 Qb6 10. b4 Qxd4 11. Nxd4 Ng6 12. c3 h6 13. Bd2 Nxe5 14. f4 Nc4 15. a4 a6 16. Nb3 Be7 17. Be1 0-0 18. N1d2 Ne3 19. Rf3 Nc2 20. Rc1 Nxe1 21. Rxe1 c5 22. bxc5 Bxa4 23. f5 Rab8 24. Nd4 Bxc5 25. fxe6 fxe6 26. Rxe6 Bb5 27. N2b3 Rxf3 28. gxf3 Bxd4+ 29. Nxd4 Bc4 30. Re7 Ra8 31. Ne6 a5 32. Nc7 Ra7 33. Nxd5 Rxe7 34. Nxe7+ Kf8 35. Nc6 a4 36. Nb4 Bb3 37. c4 a3 38. Kf2 a2 39. Nxa2 Bxa2 40. c5 Ke7 41. Ke3 Ke6 42. Kd4 Bd5 43. f4 Bc6 44. h3 Kf5 45. Ke3 h5 0-1

[Event "SLO-chT2 West"]
[Site "Postojna"]
[Date "2009.10.23"]
[Round "1.2"]
[White "Maslesa, Branko"]
[Black "Hlad, Jadran"]
[Result "1-0"]
[WhiteElo "2248"]
[BlackElo "2118"]
[PlyCount "128"]
[EventDate "2009.10.23"]
[EventType "team-tourn"]
[EventRounds "9"]
[EventCountry "SLO"]
[SourceTitle "EXT 2010"]
[Source "ChessBase"]
[SourceDate "2010.11.25"]
[SourceVersion "1"]
[SourceVersionDate "2010.11.25"]
[SourceQuality "1"]
[WhiteTeam "Koper"]
[BlackTeam "Postojna"]
[WhiteTeamCountry "SLO"]
[BlackTeamCountry "SLO"]

1. e4 c5 2. Nc3 Nc6 3. g3 g6 4. Bg2 Bg7 5. Nge2 d6 6. 0-0 e6 7. d3 Nge7 8. Be3 Nd4 9. Qd2 0-0 10. Nd1 Nxe2+ 11. Qxe2 Nc6 12. Qd2 Rb8 13. c3 b6 14. d4 cxd4 15. cxd4 Na5 16. b3 Bb7 17. Nc3 Qd7 18. Rac1 Ba6 19. Rfd1 Rbc8 20. d5 e5 21. Nb1 Rxc1 22. Rxc1 Rc8 23. Na3 Kf8 24. Rxc8+ Qxc8 25. Qc1 Qxc1+ 26. Bxc1 Bd3 27. f3 b5 28. Bf1 Bxf1 29. Kxf1 a6 30. Nc2 Nb7 31. Nb4 a5 32. Nd3 f5 33. Be3 Bf6 34. Ke2 Bd8 35. a4 bxa4 36. bxa4 fxe4 37. fxe4 Ke8 38. Nb2 Kd7 39. Kd3 h6 40. Kc4 Bg5 41. Bxg5 hxg5 42. Nd3 Kc8 43. Kb5 Kc7 44. h3 Kd7 45. Kb6 Kc8 46. Kc6 Kb8 47. g4 Kc8 48. Nb2 Nc5 49. Kxd6 Nxe4+ 50. Kxe5 Nf2 51. Kf6 Kd7 52. Nc4 Nxh3 53. d6 Nf4 54. Kxg5 Nd5 55. Nxa5 Nb6 56. Nb7 Nxa4 57. Kxg6 Ke6 58. g5 Nb6 59. Kg7 Nd7 60. g6 Kf5 61. Nd8 Ne5 62. Nf7 Nxg6 63. d7 Nf4 64. Kf8 Kf6 1-0

[Event "SLO-chT2 West"]
[Site "Kranj"]
[Date "2008.10.17"]
[Round "5.1"]
[White "Beletic, Daniel"]
[Black "Maslesa, Branko"]
[Result "1/2-1/2"]
[WhiteElo "2220"]
[BlackElo "2262"]
[PlyCount "33"]
[EventDate "2008.10.11"]
[EventType "team-swiss"]
[EventRounds "9"]
[EventCountry "SLO"]
[SourceTitle "EXT 2010"]
[Source "ChessBase"]
[SourceDate "2010.11.25"]
[SourceVersion "1"]
[SourceVersionDate "2010.11.25"]
[SourceQuality "1"]
[WhiteTeam "Sezana"]
[BlackTeam "Koper"]
[WhiteTeamCountry "SLO"]
[BlackTeamCountry "SLO"]

1. c4 c5 2. Nc3 Nf6 3. Nf3 Nc6 4. g3 g6 5. Bg2 Bg7 6. 0-0 0-0 7. d4 cxd4 8. Nxd4 Nxd4 9. Qxd4 d6 10. Rd1 Qa5 11. Qh4 Rb8 12. Bh6 Be6 13. Bxg7 Kxg7 14. Qd4 Rfc8 15. b3 Qc5 16. Nd5 Qxd4 17. Rxd4 1/2-1/2

[Event "SLO-chT2 West"]
[Site "Kranj"]
[Date "2008.10.12"]
[Round "3.2"]
[White "Belamaric, Goran"]
[Black "Maslesa, Branko"]
[Result "1/2-1/2"]
[WhiteElo "2207"]
[BlackElo "2262"]
[PlyCount "22"]
[EventDate "2008.10.11"]
[EventType "team-swiss"]
[EventRounds "9"]
[EventCountry "SLO"]
[SourceTitle "EXT 2010"]
[Source "ChessBase"]
[SourceDate "2010.11.25"]
[SourceVersion "1"]
[SourceVersionDate "2010.11.25"]
[SourceQuality "1"]
[WhiteTeam "Piran"]
[BlackTeam "Koper"]
[WhiteTeamCountry "SLO"]
[BlackTeamCountry "SLO"]

1. e4 e6 2. d4 d5 3. Bd3 dxe4 4. Bxe4 Nf6 5. Bd3 c5 6. c3 Nc6 7. Nf3 a6 8. 0-0 Be7 9. Ne5 cxd4 10. Nxc6 bxc6 11. cxd4 Qxd4 1/2-1/2

[Event "SLO-chT2 West"]
[Site "Kranj"]
[Date "2008.10.11"]
[Round "1.2"]
[White "Smole, Janez"]
[Black "Maslesa, Branko"]
[Result "0-1"]
[WhiteElo "1721"]
[BlackElo "2262"]
[PlyCount "84"]
[EventDate "2008.10.11"]
[EventType "team-swiss"]
[EventRounds "9"]
[EventCountry "SLO"]
[SourceTitle "EXT 2010"]
[Source "ChessBase"]
[SourceDate "2010.11.25"]
[SourceVersion "1"]
[SourceVersionDate "2010.11.25"]
[SourceQuality "1"]
[WhiteTeam "Gorenjka Lesce"]
[BlackTeam "Koper"]
[WhiteTeamCountry "SLO"]
[BlackTeamCountry "SLO"]

1. f4 d5 2. Nf3 c5 3. e3 Nc6 4. Be2 g6 5. 0-0 Bg7 6. c3 Nf6 7. Ne5 0-0 8. Bf3 Qb6 9. d4 Ne4 10. Nd2 Nxd2 11. Qxd2 Be6 12. Kh1 Rfd8 13. Qd1 Nxe5 14. fxe5 f6 15. exf6 exf6 16. Bg4 Bxg4 17. Qxg4 f5 18. Qf4 Re8 19. Rb1 Re4 20. Qf2 Rae8 21. b4 c4 22. Rb2 Bh6 23. g3 Qe6 24. Re1 Bxe3 25. Bxe3 Rxe3 26. Rxe3 Qxe3 27. Qxe3 Rxe3 28. Rc2 Kg7 29. Kg2 Kf6 30. Kf2 Rd3 31. Ke2 Kg5 32. Kf2 h5 33. h3 h4 34. Kg2 Rxg3+ 35. Kh2 Kf4 36. Rf2+ Rf3 37. Rg2 Rg3 38. Rc2 Ke3 39. Rc1 Kd2 40. Rf1 Kxc3 41. Rf4 g5 42. Rxf5 Kxd4 0-1

[Event "SLO-chT2W"]
[Site "Slovenia"]
[Date "2002.11.23"]
[Round "3.4"]
[White "Kodric, Martin"]
[Black "Maslesa, Branko"]
[Result "1/2-1/2"]
[WhiteElo "2234"]
[BlackElo "2240"]
[PlyCount "20"]
[EventDate "2002.11.22"]
[EventType "team-tourn"]
[EventRounds "7"]
[EventCountry "SLO"]
[SourceTitle "EXT 2005"]
[Source "ChessBase"]
[SourceDate "2004.11.15"]
[SourceVersion "1"]
[SourceVersionDate "2004.11.15"]
[SourceQuality "1"]

1. e4 e6 2. d4 d5 3. exd5 exd5 4. Nf3 Bd6 5. c4 c6 6. Nc3 Ne7 7. Bd3 0-0 8. Qb3 Qc7 9. c5 Bf4 10. Qc2 Ng6 1/2-1/2

[Event "SLO-chT2W"]
[Site "Slovenia"]
[Date "2002.11.21"]
[Round "1.5"]
[White "Markun, Bostjan"]
[Black "Maslesa, Branko"]
[Result "0-1"]
[WhiteElo "2300"]
[BlackElo "2240"]
[PlyCount "58"]
[EventDate "2002.11.22"]
[EventType "team-tourn"]
[EventRounds "7"]
[EventCountry "SLO"]
[SourceTitle "EXT 2005"]
[Source "ChessBase"]
[SourceDate "2004.11.15"]
[SourceVersion "1"]
[SourceVersionDate "2004.11.15"]
[SourceQuality "1"]

1. e4 e6 2. d4 d5 3. Nc3 Bb4 4. Nge2 dxe4 5. a3 Be7 6. Nxe4 Nf6 7. Qd3 Nxe4 8. Qxe4 Qd5 9. Nc3 Qxe4+ 10. Nxe4 Nc6 11. c3 Bd7 12. Bf4 0-0-0 13. 0-0-0 h6 14. f3 g5 15. Bg3 f5 16. Nd2 Bf6 17. Bc4 e5 18. d5 Ne7 19. Rhe1 Ng6 20. Bf2 Kb8 21. g3 Bc8 22. Bb3 h5 23. Nc4 g4 24. d6 b6 25. fxg4 hxg4 26. Bg1 Be6 27. Nxe5 Bxb3 28. dxc7+ Kxc7 29. Nxg6 Rhe8 0-1

[Event "SLO-chT2"]
[Site "Slovenia"]
[Date "2002.??.??"]
[Round "6"]
[White "Maslesa, Branko"]
[Black "Mencinger, Vojko"]
[Result "1/2-1/2"]
[WhiteElo "2240"]
[BlackElo "2358"]
[PlyCount "38"]
[EventDate "2002.04.07"]
[EventType "team-tourn"]
[EventRounds "9"]
[EventCountry "SLO"]
[SourceTitle "EXT 2005"]
[Source "ChessBase"]
[SourceDate "2004.11.15"]
[SourceVersion "1"]
[SourceVersionDate "2004.11.15"]
[SourceQuality "1"]

1. e4 c5 2. Nc3 Nc6 3. g3 g6 4. Bg2 Bg7 5. Nge2 e6 6. d3 Nge7 7. Be3 Nd4 8. Qd2 d6 9. Nd1 0-0 10. 0-0 Bd7 11. c3 Nxe2+ 12. Qxe2 Qc7 13. Qd2 Rac8 14. Bh6 Bc6 15. Bxg7 Kxg7 16. Ne3 b6 17. f4 f5 18. exf5 Nxf5 19. Nxf5+ exf5 1/2-1/2

[Event "SLO-chT West"]
[Site "Bled"]
[Date "2001.11.16"]
[Round "2"]
[White "Maslesa, Branko"]
[Black "Zvan, Ziga"]
[Result "1/2-1/2"]
[WhiteElo "2246"]
[BlackElo "2168"]
[PlyCount "74"]
[EventDate "2001.11.18"]
[EventType "team-tourn"]
[EventRounds "7"]
[EventCountry "SLO"]
[SourceTitle "EXT 2003"]
[Source "ChessBase"]
[SourceDate "2002.11.25"]
[SourceVersion "1"]
[SourceVersionDate "2002.11.25"]
[SourceQuality "1"]

1. e4 e5 2. Nf3 Nc6 3. Nc3 Nf6 4. Bb5 Bb4 5. 0-0 0-0 6. d3 d6 7. Bg5 Ne7 8. Ne2 Ng6 9. c3 Ba5 10. Nh4 Nxh4 11. Bxh4 h6 12. f3 c6 13. Bc4 d5 14. Bb3 Qd6 15. Kh1 g5 16. Bf2 Nh5 17. Ng3 Nxg3+ 18. Bxg3 Be6 19. d4 f6 20. Re1 dxe4 21. Rxe4 Rad8 22. Qc2 Bxb3 23. axb3 Bb6 24. Rae1 Qe6 25. R4e2 Rd7 26. dxe5 f5 27. f4 Rfd8 28. b4 Rd3 29. Qc1 Rxg3 30. hxg3 Qg6 31. g4 fxg4 32. g3 Rd3 33. e6 Rxg3 34. e7 Rh3+ 35. Kg2 Rh2+ 36. Kf1 Rh1+ 37. Kg2 Rh2+ 1/2-1/2

[Event "SLO-chT 10th"]
[Site "Bled"]
[Date "2000.10.19"]
[Round "6"]
[White "Cebalo, Miso"]
[Black "Maslesa, Branko"]
[Result "1-0"]
[WhiteElo "2520"]
[BlackElo "2261"]
[PlyCount "73"]
[EventDate "2000.10.14"]
[EventType "team-tourn"]
[EventRounds "7"]
[EventCountry "SLO"]
[SourceTitle "EXT 2001"]
[Source "ChessBase"]
[SourceDate "2000.11.22"]
[SourceVersion "1"]
[SourceVersionDate "2000.11.22"]
[SourceQuality "1"]
[WhiteTeam "Maribor Kovinar Nova"]
[BlackTeam "Koper Zusterna"]
[WhiteTeamCountry "SLO"]
[BlackTeamCountry "SLO"]

1. d4 d6 2. Nf3 Bg4 3. e4 Nd7 4. h3 Bxf3 5. Qxf3 e6 6. Bd3 g6 7. 0-0 Bg7 8. c3 Ne7 9. Be3 0-0 10. Nd2 c6 11. Qe2 Qc7 12. f4 f5 13. Bf2 Rae8 14. Rae1 Nf6 15. e5 dxe5 16. Qxe5 Qxe5 17. dxe5 Nfd5 18. Bxa7 b6 19. Nc4 Ra8 20. Bxb6 Nxb6 21. Nxb6 Rxa2 22. Bc4 Rxb2 23. Bxe6+ Kh8 24. Nd7 Rd8 25. c4 h6 26. h4 Rd2 27. Rd1 Rxd1 28. Rxd1 g5 29. hxg5 hxg5 30. Kf2 Bh6 31. g4 Ng6 32. gxf5 Nxf4 33. Bf7 Ra8 34. e6 Ra2+ 35. Kf3 Rg2 36. Nf6 Bg7 37. Ne8 1-0

[Event "SLO-chT 10th"]
[Site "Bled"]
[Date "2000.10.16"]
[Round "3"]
[White "Farago, Ivan"]
[Black "Maslesa, Branko"]
[Result "1-0"]
[WhiteElo "2486"]
[BlackElo "2261"]
[PlyCount "73"]
[EventDate "2000.10.14"]
[EventType "team-tourn"]
[EventRounds "7"]
[EventCountry "SLO"]
[SourceTitle "EXT 2001"]
[Source "ChessBase"]
[SourceDate "2000.11.22"]
[SourceVersion "1"]
[SourceVersionDate "2000.11.22"]
[SourceQuality "1"]
[WhiteTeam "Ljubljana LSK"]
[BlackTeam "Koper Zusterna"]
[WhiteTeamCountry "SVK"]
[BlackTeamCountry "SLO"]

1. d4 e6 2. c4 d5 3. Nf3 Nf6 4. Nc3 Be7 5. Bg5 Nbd7 6. e3 h6 7. Bh4 0-0 8. Rc1 c6 9. Bd3 dxc4 10. Bxc4 Nd5 11. Bg3 Nxc3 12. bxc3 c5 13. 0-0 Nf6 14. Qe2 a6 15. Ne5 Nd7 16. f4 Nxe5 17. fxe5 b5 18. Bd3 Bb7 19. Bb1 Rc8 20. Rcd1 cxd4 21. cxd4 b4 22. Bf4 Bg5 23. h4 Bxf4 24. Rxf4 Rc3 25. Rdf1 Qc7 26. Bg6 f5 27. exf6 Rxf6 28. Rxf6 gxf6 29. Qg4 Rxe3 30. Be4+ Kh8 31. Bxb7 Qxb7 32. Rxf6 Qg7 33. Qf4 Re1+ 34. Kf2 Re2+ 35. Kxe2 Qxg2+ 36. Qf2 Qe4+ 37. Kd2 1-0

[Event "SLO-chT 10th"]
[Site "Bled"]
[Date "2000.10.14"]
[Round "1"]
[White "Jeric, Simon"]
[Black "Maslesa, Branko"]
[Result "1/2-1/2"]
[WhiteElo "2333"]
[BlackElo "2261"]
[PlyCount "132"]
[EventDate "2000.10.14"]
[EventType "team-tourn"]
[EventRounds "7"]
[EventCountry "SLO"]
[SourceTitle "EXT 2001"]
[Source "ChessBase"]
[SourceDate "2000.11.22"]
[SourceVersion "1"]
[SourceVersionDate "2000.11.22"]
[SourceQuality "1"]
[WhiteTeam "Maribor Branik"]
[BlackTeam "Koper Zusterna"]
[WhiteTeamCountry "SLO"]
[BlackTeamCountry "SLO"]

1. e4 e6 2. d4 d5 3. e5 c5 4. c3 Nc6 5. Be3 Qb6 6. Qd2 cxd4 7. cxd4 Nge7 8. Bd3 Nf5 9. Nf3 Nxe3 10. fxe3 Be7 11. 0-0 f6 12. exf6 gxf6 13. Nc3 0-0 14. Qf2 Bd7 15. Rac1 Rf7 16. Na4 Qd8 17. Nc5 Bxc5 18. Rxc5 Qe7 19. a3 Raf8 20. e4 dxe4 21. Bxe4 Qd6 22. Rh5 Rg7 23. d5 exd5 24. Rxd5 Qf4 25. Nd2 Qxf2+ 26. Rxf2 Re7 27. h3 Kg7 28. Rh5 h6 29. Rf3 Re5 30. Rxe5 fxe5 31. Rg3+ Kf7 32. Rf3+ Ke7 33. Rxf8 Kxf8 34. Nc4 Ke7 35. Bxc6 Bxc6 36. Nxe5 Be4 37. Kf2 Ke6 38. Nf3 Kd5 39. Ke3 a5 40. g4 b5 41. h4 Bh7 42. h5 b4 43. axb4 axb4 44. g5 Ke6 45. Kf4 Bd3 46. gxh6 Kf6 47. Ne5 Bh7 48. Ng4+ Kf7 49. Kg5 Bc2 50. Ne5+ Kg8 51. Ng4 b3 52. Nf6+ Kf7 53. h7 Kg7 54. Kf4 Kh8 55. Ke3 Kg7 56. Kd4 Kh8 57. Kc3 Kg7 58. Kc4 Bd1 59. Ne4 Kxh7 60. Nc5 Bxh5 61. Kxb3 Kg7 62. Kc4 Kf6 63. b4 Ke7 64. Kb5 Kd8 65. Kb6 Kc8 66. Ka7 Be2 1/2-1/2

[Event "SLO-chT2"]
[Site "Skofja Loka"]
[Date "1998.??.??"]
[Round "?"]
[White "Maslesa, Branko"]
[Black "Stupica, Janesz"]
[Result "1-0"]
[WhiteElo "2265"]
[BlackElo "2290"]
[PlyCount "73"]
[EventDate "1998.11.27"]
[EventType "team-tourn"]
[EventRounds "7"]
[EventCountry "SLO"]
[SourceTitle "EXT 2001"]
[Source "ChessBase"]
[SourceDate "2000.11.22"]
[SourceVersion "1"]
[SourceVersionDate "2000.11.22"]
[SourceQuality "1"]

1. e4 e6 2. d4 d5 3. e5 c5 4. c3 Nc6 5. Nf3 Qb6 6. a3 a5 7. Bd3 Bd7 8. dxc5 Bxc5 9. 0-0 Nge7 10. Nbd2 Ng6 11. Bxg6 hxg6 12. Nb3 Rc8 13. Nxc5 Qxc5 14. Re1 Qc4 15. Be3 a4 16. Bd4 Na5 17. Nd2 Qd3 18. Re3 Qf5 19. Bb6 Nc4 20. Nxc4 Rxc4 21. Bd4 Bb5 22. Rc1 Qf4 23. h3 Rh5 24. Qg4 Qh6 25. Rce1 Rc8 26. Qd1 Bc6 27. Rg3 Rh4 28. Be3 Qh8 29. Qd2 Qf8 30. f4 Qe7 31. Qf2 Rh8 32. Bc5 Qd7 33. Bd4 Rh5 34. Rf3 Bb5 35. g4 Rh6 36. Ree3 Kf8 37. Rg3 1-0

[Event "SLO-chT2"]
[Site "Skofja Loka"]
[Date "1998.??.??"]
[Round "?"]
[White "Podlesnik, Bogdan"]
[Black "Maslesa, Branko"]
[Result "1-0"]
[WhiteElo "2415"]
[BlackElo "2265"]
[PlyCount "80"]
[EventDate "1998.11.27"]
[EventType "team-tourn"]
[EventRounds "7"]
[EventCountry "SLO"]
[SourceTitle "EXT 2001"]
[Source "ChessBase"]
[SourceDate "2000.11.22"]
[SourceVersion "1"]
[SourceVersionDate "2000.11.22"]
[SourceQuality "1"]

1. e4 e6 2. d4 d5 3. Nd2 c5 4. exd5 exd5 5. Bb5+ Bd7 6. Qe2+ Be7 7. dxc5 Nf6 8. Nb3 0-0 9. Be3 Re8 10. Nf3 Bxc5 11. Nxc5 Qa5+ 12. Qd2 Qxb5 13. 0-0-0 b6 14. Nxd7 Nbxd7 15. Kb1 Rac8 16. Qd3 Qxd3 17. Rxd3 Nc5 18. Ra3 Rc7 19. Rd1 h6 20. h3 Ne6 21. Nd4 Nxd4 22. Rxd4 Re4 23. Rd2 Re6 24. Rad3 Kf8 25. Bd4 Re1+ 26. Rd1 Rxd1+ 27. Rxd1 Rd7 28. Bxf6 gxf6 29. Rd4 Re7 30. Kc1 Re2 31. Rf4 Ke7 32. Kd1 Re6 33. Kd2 Kd6 34. Rf5 Kc5 35. f3 b5 36. Rh5 Re5 37. Rxh6 Rf5 38. Rh7 Rg5 39. g4 f5 40. Rxf7 fxg4 1-0

[Event "SLO-chT 07th"]
[Site "Ljubljana"]
[Date "1997.??.??"]
[Round "?"]
[White "Pavasovic, Dusko"]
[Black "Maslesa, Branko"]
[Result "1-0"]
[WhiteElo "2495"]
[BlackElo "2265"]
[PlyCount "127"]
[EventDate "1997.07.??"]
[EventType "team-tourn"]
[EventRounds "7"]
[EventCountry "SLO"]
[SourceTitle "CBM 061 Extra"]
[Source "ChessBase"]
[SourceDate "1998.03.09"]
[SourceVersion "1"]
[SourceVersionDate "1998.03.09"]
[SourceQuality "1"]
[WhiteTeam "Krsko Triglav"]
[BlackTeam "Zusterna"]
[WhiteTeamCountry "SLO"]
[BlackTeamCountry "SLO"]

1. e4 e6 2. d4 d5 3. Nd2 c5 4. exd5 exd5 5. Ngf3 Nc6 6. Bb5 Bd6 7. dxc5 Bxc5 8. 0-0 Nge7 9. Nb3 Bd6 10. c3 Bg4 11. Bg5 0-0 12. Bh4 Qc7 13. Bg3 Bxg3 14. hxg3 Rfd8 15. Re1 Rd6 16. Bd3 Bxf3 17. Qxf3 Rad8 18. Qf4 Ng6 19. Bxg6 hxg6 20. Rad1 R6d7 21. Qh4 Qd6 22. Re3 Qf6 23. Qg4 Qf5 24. Qe2 Qf6 25. Nd4 Na5 26. Re8+ Kh7 27. Re1 Nc6 28. Qg4 g5 29. Nxc6 bxc6 30. Qh5+ Qh6 31. Rxd8 Qxh5 32. Rxd7 a5 33. Rd6 Qg4 34. Rxc6 Qa4 35. Rc7 Qxa2 36. Rb7 Kg6 37. Ree7 Qa1+ 38. Kh2 Qd1 39. f3 g4 40. f4 Kf5 41. Re5+ Kg6 42. Rg5+ Kf6 43. Rb6+ Ke7 44. Re5+ Kd7 45. Rb5 Kc6 46. Rxa5 Qc2 47. Raxd5 Qxb2 48. c4 Qc2 49. Rc5+ Kb6 50. Rb5+ Kc6 51. Rb8 Kc7 52. Ree8 Kd7 53. Rbd8+ Kc7 54. Rc8+ Kd7 55. Rh8 Qc1 56. Rcg8 g6 57. Rh7 Ke6 58. Re8+ Kf6 59. Rc8 g5 60. Rc6+ Ke7 61. Rc7+ Ke6 62. Rhxf7 gxf4 63. Rxf4 Kd6 64. Ra7 1-0

[Event "SLO-chT sf"]
[Site "Slovenia"]
[Date "1996.??.??"]
[Round "2"]
[White "Maslesa, Branko"]
[Black "Furlan, Miha"]
[Result "1/2-1/2"]
[WhiteElo "2255"]
[BlackElo "2280"]
[PlyCount "21"]
[EventDate "1996.??.??"]
[EventType "team-tourn"]
[EventRounds "7"]
[EventCountry "SLO"]
[SourceTitle "EXT 1997"]
[Source "ChessBase"]
[SourceDate "1996.11.15"]
[SourceVersion "1"]
[SourceVersionDate "1996.11.15"]
[SourceQuality "1"]

1. e4 e6 2. d4 d5 3. Nd2 Nc6 4. Ngf3 Nf6 5. e5 Nd7 6. c3 Be7 7. Bd3 f6 8. Qe2 fxe5 9. Nxe5 Ncxe5 10. dxe5 g6 11. Nf3 1/2-1/2

[Event "SLO-chT sf"]
[Site "Slovenia"]
[Date "1996.??.??"]
[Round "4"]
[White "Maslesa, Branko"]
[Black "Ivic, Slobodan"]
[Result "1/2-1/2"]
[WhiteElo "2255"]
[BlackElo "2200"]
[PlyCount "26"]
[EventDate "1996.??.??"]
[EventType "team-tourn"]
[EventRounds "7"]
[EventCountry "SLO"]
[SourceTitle "EXT 1997"]
[Source "ChessBase"]
[SourceDate "1996.11.15"]
[SourceVersion "1"]
[SourceVersionDate "1996.11.15"]
[SourceQuality "1"]

1. e4 c5 2. c3 d5 3. exd5 Qxd5 4. d4 cxd4 5. cxd4 Nc6 6. Nf3 Bg4 7. Be2 e6 8. Nc3 Qd7 9. Be3 Nf6 10. h3 Bh5 11. g4 Bg6 12. Ne5 Qc7 13. Qa4 Bb4 1/2-1/2

[Event "SLO-chT sf"]
[Site "Slovenia"]
[Date "1996.??.??"]
[Round "5"]
[White "Mencinger, Vojko"]
[Black "Maslesa, Branko"]
[Result "1-0"]
[WhiteElo "2390"]
[BlackElo "2255"]
[PlyCount "87"]
[EventDate "1996.??.??"]
[EventType "team-tourn"]
[EventRounds "7"]
[EventCountry "SLO"]
[SourceTitle "EXT 1997"]
[Source "ChessBase"]
[SourceDate "1996.11.15"]
[SourceVersion "1"]
[SourceVersionDate "1996.11.15"]
[SourceQuality "1"]

1. e4 e6 2. d4 d5 3. Nd2 c5 4. exd5 exd5 5. Bb5+ Bd7 6. Qe2+ Qe7 7. Bxd7+ Nxd7 8. dxc5 Nxc5 9. Ndf3 Qxe2+ 10. Nxe2 Nf6 11. Be3 Be7 12. 0-0 0-0 13. Rad1 Rfd8 14. Nf4 Rac8 15. Nd4 a6 16. Nf5 Bf8 17. Bd4 Nfe4 18. Ne3 Ne6 19. Nfxd5 Nxd4 20. Rxd4 Nc5 21. Rfd1 Ne6 22. R4d2 f6 23. a4 Kf7 24. a5 g6 25. b4 Bh6 26. c4 f5 27. c5 Ke8 28. g3 Bxe3 29. Nxe3 Rxd2 30. Rxd2 Rd8 31. Rxd8+ Nxd8 32. Kf1 Kd7 33. Ke2 Kc6 34. Kd3 Kb5 35. Nd5 h6 36. Kc3 Ne6 37. Ne7 Nf8 38. h4 h5 39. f3 Ka4 40. Kc4 Ka3 41. c6 bxc6 42. Nxc6 Ne6 43. b5 axb5+ 44. Kxb5 1-0

[Event "Portoroz op"]
[Site "Portoroz"]
[Date "1994.??.??"]
[Round "?"]
[White "Maslesa, Branko"]
[Black "Sale, Srdjan"]
[Result "0-1"]
[WhiteElo "2280"]
[BlackElo "2445"]
[PlyCount "84"]
[EventDate "1994.04.??"]
[EventType "swiss"]
[EventRounds "9"]
[EventCountry "SLO"]
[SourceTitle "TD"]
[Source "ChessBase"]
[SourceDate "1994.03.01"]
[SourceVersion "1"]
[SourceVersionDate "1994.03.01"]
[SourceQuality "1"]

1. e4 c5 2. c3 d6 3. g3 Nc6 4. Bg2 g6 5. Ne2 Bg7 6. 0-0 Nf6 7. d4 cxd4 8. cxd4 Bg4 9. Nbc3 Qd7 10. f3 Bh3 11. Be3 h5 12. Qa4 Bxg2 13. Kxg2 h4 14. d5 Ne5 15. Qxd7+ Nfxd7 16. Bd4 Bf6 17. b3 Rc8 18. Rfc1 Nc5 19. h3 hxg3 20. f4 Ned7 21. Bxf6 Nxf6 22. e5 dxe5 23. fxe5 Nfd7 24. b4 Na6 25. e6 fxe6 26. dxe6 Nf8 27. a3 Nxe6 28. Kxg3 Ng7 29. Rg1 Nf5+ 30. Kh2 Kf7 31. Raf1 Rc4 32. Nd5 Rch4 33. Rf3 e5 34. Kg2 Ke6 35. Rd1 Re4 36. Rf2 Rc8 37. Ndc3 Ne3+ 38. Kf3 Nxd1 39. Nxd1 Rh4 40. Kg3 Rch8 41. Ng1 Nc7 42. Ne3 Nd5 0-1

[Event "YUG Team Cup-25"]
[Site "Pula"]
[Date "1982.05.19"]
[Round "3.3"]
[White "Maslesa, Branko"]
[Black "Rogulj, Branko"]
[Result "1/2-1/2"]
[WhiteElo "2305"]
[BlackElo "2435"]
[PlyCount "45"]
[EventDate "1982.05.17"]
[EventType "team-swiss"]
[EventRounds "5"]
[EventCountry "YUG"]
[SourceTitle "EXT 2009"]
[Source "ChessBase"]
[SourceDate "2008.11.26"]
[SourceVersion "1"]
[SourceVersionDate "2008.11.26"]
[SourceQuality "1"]
[WhiteTeam "Ljubljana Iskra"]
[BlackTeam "Mladost Industrogradnja"]
[WhiteTeamCountry "YUG"]
[BlackTeamCountry "YUG"]

1. e4 Nf6 2. Nc3 e5 3. Nf3 Nc6 4. Bb5 Nd4 5. Nxd4 exd4 6. e5 dxc3 7. exf6 Qxf6 8. dxc3 Bd6 9. Qe2+ Qe5 10. Qxe5+ Bxe5 11. 0-0 0-0 12. Re1 d6 13. Be3 a6 14. Bd3 Bg4 15. h3 Be6 16. Bd4 Bxd4 17. cxd4 Rfe8 18. a3 Bd5 19. f3 c6 20. Kf2 Kf8 21. h4 h6 22. Rad1 Rxe1 23. Rxe1 1/2-1/2